[Event "Turkey Cup 2019"]
[Site "Belek"]
[Date "2019.02.02"]
[Round "10.61"]
[White "Gundogan, Sinem Cagla"]
[Black "Ozkurt, Kutay"]
[Result "0-1"]
[WhiteElo "1860"]
[BlackElo "1586"]
[Annotator "NA RC"]
[PlyCount "84"]
[EventDate "2019.01.27"]
[EventType "swiss"]
[EventCountry "TUR"]
[SourceTitle "playchess.com"]
[Source "ChessBase"]
[SourceQuality "1"]

1. e4 c5 2. Nf3 Nc6 3. d3 d6 4. g3 g6 5. Bg2 Bg7 6. O-O e5 7. Be3 Nge7 8. Qd2 O-O 9. Bh6 f5 10. Bg5 f4 11. gxf4 exf4 12. Nc3 Bg4 13. h3 Bxf3 14. Bxf3 h6 15. Bxe7 Qxe7 16. Nd5 Qh4 17. Kg2 g5 18. Rh1 b5 19. Rag1 Rae8 20. Kf1 Nd4 21. Qd1 Nxf3 22. Qxf3 h5 23. Nc7 Re7 24. Nxb5 Rd8 25. b3 Bb2 26. c3 a6 27. Qe2 Bc1 28. Qe1 axb5 29. Qxc1 d5 30. Qa3 b4 31. Qa5 Rdd7 32. cxb4 dxe4 33. Qxc5 Rg7 34. Qc4+ Kh8 35. Qxe4 Rc7 36. Qe8+ Kh7 37. Qe4+ Kh6 38. Qe6+ Rg6 39. Qe5 Rc8 40. Ke2 Rgc6 41. Kf1 f3 42. Qe1 Rc1 0-1

[Event "Turkey Cup 2019"]
[Site "Belek"]
[Date "2019.02.02"]
[Round "10.62"]
[White "Bogaakca, Mehmet"]
[Black "Suzan, Ufuk"]
[Result "0-1"]
[WhiteElo "1671"]
[BlackElo "1831"]
[Annotator "NA RC"]
[PlyCount "140"]
[EventDate "2019.01.27"]
[EventType "swiss"]
[EventCountry "TUR"]
[SourceTitle "playchess.com"]
[Source "ChessBase"]
[SourceQuality "1"]

1. d4 d6 2. Nf3 g6 3. c4 Bg7 4. Nc3 Nc6 5. h3 e5 6. d5 Nd4 7. e4 Ne7 8. Nxd4 exd4 9. Nb5 c5 10. dxc6 bxc6 11. Nxd4 Qa5+ 12. Bd2 Qe5 13. Bc3 Qxe4+ 14. Qe2 Qxe2+ 15. Bxe2 O-O 16. O-O d5 17. c5 Bd7 18. Bd3 Rfe8 19. Rfe1 g5 20. g4 Ng6 21. Bxg6 hxg6 22. b4 a6 23. Kf1 Be5 24. a4 Rac8 25. Rab1 f6 26. Re2 Kf7 27. Kg2 Rh8 28. Rbe1 Rhe8 29. Kf1 Rb8 30. Rd2 Rh8 31. Kg2 Rh4 32. Rd3 Rhh8 33. Rd2 Rb7 34. a5 Rbb8 35. Rd3 Rbe8 36. Rde3 Rh7 37. Nf3 Bxc3 38. Rxc3 Rxe1 39. Nxe1 Rh8 40. Nc2 Re8 41. Re3 Re4 42. Rxe4 dxe4 43. f3 exf3+ 44. Kxf3 Ke6 45. Ke4 f5+ 46. Kd4 Kf6 47. Ne3 Be6 48. b5 cxb5 49. c6 f4 50. Nd1 Ke7 51. Kc5 Bc8 52. Nf2 Kd8 53. Kd6 b4 54. Ne4 Ke8 55. Kc7 Be6 56. Nd2 b3 57. Kb6 b2 58. Kxa6 Bc8+ 59. Kb6 f3 60. a6 f2 61. a7 f1=Q 62. Nxf1 b1=Q+ 63. Kc7 Qa2 64. Kb8 Qb3+ 65. Kxc8 Qa4 66. Kb7 Qb5+ 67. Kc7 Qa6 68. Kb8 Qb6+ 69. Ka8 Kd8 70. c7+ Qxc7 0-1

[Event "Turkey Cup 2019"]
[Site "Belek"]
[Date "2019.02.02"]
[Round "10.63"]
[White "Alagoz, Mahmut"]
[Black "Demir, Zeki"]
[Result "1/2-1/2"]
[WhiteElo "1707"]
[BlackElo "1805"]
[Annotator "NA RC"]
[PlyCount "131"]
[EventDate "2019.01.27"]
[EventType "swiss"]
[EventCountry "TUR"]
[SourceTitle "playchess.com"]
[Source "ChessBase"]
[SourceQuality "1"]

1. d4 d5 2. c4 c6 3. Nf3 Nf6 4. Nc3 e6 5. Bg5 dxc4 6. e4 b5 7. e5 h6 8. Bh4 g5 9. Nxg5 hxg5 10. Bxg5 Nbd7 11. Be2 Bb7 12. Bf3 Qa5 13. Bxf6 Nxf6 14. exf6 O-O-O 15. O-O Bd6 16. g3 Be5 17. a4 b4 18. Ne2 Bxf6 19. Qc1 Qf5 20. Qe3 Bg5 21. Qe4 Qxe4 22. Bxe4 Bd2 23. Rfd1 c3 24. bxc3 bxc3 25. Ra3 Ba6 26. Nxc3 Rxd4 27. Nb1 Rxe4 28. Nxd2 Rd4 29. Ra2 Rhd8 30. f4 Be2 31. Re1 Rxd2 32. Rxe2 Rxe2 33. Rxe2 Rd4 34. h4 Rxa4 35. h5 Rd4 36. h6 Rd8 37. g4 Rh8 38. g5 Kc7 39. Kf2 a5 40. Ke3 c5 41. Kd3 Kc6 42. Kc4 a4 43. Re5 Ra8 44. Rxc5+ Kd6 45. Rb5 a3 46. Rb1 a2 47. Rd1+ Ke7 48. Ra1 Ra4+ 49. Kd3 Rxf4 50. Rxa2 Rh4 51. Ke3 e5 52. Kf3 f6 53. Ra7+ Ke6 54. Ra6+ Kf5 55. gxf6 Rxh6 56. f7 Rh3+ 57. Kg2 Rh8 58. Kf3 Rb8 59. Ke3 Rc8 60. Kd3 Rf8 61. Ra7 Kf4 62. Kc4 e4 63. Kd5 e3 64. Ke6 e2 65. Ra1 Ra8 66. Re1 1/2-1/2

[Event "Turkey Cup 2019"]
[Site "Belek"]
[Date "2019.02.02"]
[Round "10.64"]
[White "Isik, Kadri"]
[Black "Aydogdu, Selcan Ayberk"]
[Result "1-0"]
[WhiteElo "1820"]
[BlackElo "1631"]
[Annotator "NA RC"]
[PlyCount "69"]
[EventDate "2019.01.27"]
[EventType "swiss"]
[EventCountry "TUR"]
[SourceTitle "playchess.com"]
[Source "ChessBase"]
[SourceQuality "1"]

1. d4 Nf6 2. Nf3 g6 3. g3 Bg7 4. Bg2 O-O 5. O-O d6 6. c4 c5 7. d5 a6 8. Nc3 Nbd7 9. h3 Ne8 10. g4 Nc7 11. a4 Ne5 12. Nd2 g5 13. Nce4 h6 14. Ng3 Ng6 15. e3 Bd7 16. f4 gxf4 17. exf4 b5 18. axb5 axb5 19. Rxa8 Qxa8 20. b3 bxc4 21. Nxc4 Rb8 22. f5 Nh4 23. Be4 Nb5 24. g5 Nc3 25. Qg4 Bd4+ 26. Be3 Bxe3+ 27. Nxe3 Nxe4 28. gxh6+ Ng6 29. Nxe4 Rxb3 30. Qg5 Bxf5 31. Nxf5 Qa7 32. h7+ Kh8 33. Qh6 c4+ 34. Kh1 Rxh3+ 35. Qxh3 1-0

[Event "Turkey Cup 2019"]
[Site "Belek"]
[Date "2019.02.02"]
[Round "10.65"]
[White "Zekeriyaoglu, Ersen"]
[Black "Ozsayin, Elif"]
[Result "1-0"]
[WhiteElo "1759"]
[BlackElo "1613"]
[Annotator "NA RC"]
[PlyCount "43"]
[EventDate "2019.01.27"]
[EventType "swiss"]
[EventCountry "TUR"]
[SourceTitle "playchess.com"]
[Source "ChessBase"]
[SourceQuality "1"]

1. e4 e5 2. Nf3 d6 3. d4 Nd7 4. Bc4 Be7 5. Nc3 Ngf6 6. Ng5 O-O 7. Bxf7+ Rxf7 8. Ne6 Qe8 9. Nxc7 Qd8 10. Nxa8 a6 11. Be3 b6 12. dxe5 dxe5 13. Nd5 Bb7 14. Naxb6 Nxe4 15. Nxe7+ Rxe7 16. c3 Qe8 17. Qb3+ Kh8 18. Nxd7 Rxd7 19. Rd1 h6 20. Rxd7 Qxd7 21. O-O Qc6 22. f3 1-0

[Event "Turkey Cup 2019"]
[Site "Belek"]
[Date "2019.02.02"]
[Round "10.66"]
[White "Turkkan, Ece"]
[Black "Gozubuyukoglu, Selami"]
[Result "0-1"]
[WhiteElo "1531"]
[BlackElo "1821"]
[Annotator "NA RC"]
[PlyCount "112"]
[EventDate "2019.01.27"]
[EventType "swiss"]
[EventCountry "TUR"]
[SourceTitle "playchess.com"]
[Source "ChessBase"]
[SourceQuality "1"]

1. d4 Nf6 2. c4 c5 3. Nf3 cxd4 4. Nxd4 g6 5. Nc3 Bg7 6. e4 d6 7. Be3 O-O 8. Be2 Na6 9. O-O b6 10. f3 Nc5 11. Qd2 Re8 12. Rfd1 Ba6 13. b3 Qd7 14. Rac1 Rad8 15. Nc2 Bb7 16. Nd4 Nh5 17. Nd5 e6 18. Nc3 Qc8 19. Ndb5 Qb8 20. Bd4 e5 21. Be3 a6 22. Na3 Bc6 23. Nd5 Qb7 24. Nc2 a5 25. Na3 Rd7 26. Nb5 Bxb5 27. cxb5 Nf6 28. Nxf6+ Bxf6 29. Bxc5 bxc5 30. Rxc5 Qa7 31. b6 Qxb6 32. Qxa5 Bd8 33. Qxb6 Bxb6 34. Kf1 Bxc5 35. Bb5 Rdd8 36. Bxe8 Rxe8 37. Ke2 Ra8 38. Rd2 Kf8 39. h3 Ke7 40. Rc2 Rb8 41. Rc4 Kd7 42. Kd3 f5 43. exf5 gxf5 44. Rh4 Rh8 45. Rc4 Ke6 46. b4 Bd4 47. Kc2 h5 48. a4 Rg8 49. b5 Rxg2+ 50. Kb3 Rg3 51. a5 Kd5 52. Rc2 Rxf3+ 53. Ka4 Bc5 54. b6 Kc6 55. Rxc5+ dxc5 56. b7 Rf4+ 0-1

[Event "Turkey Cup 2019"]
[Site "Belek"]
[Date "2019.02.02"]
[Round "10.67"]
[White "Sahin, Onur"]
[Black "Baylav, Bartu"]
[Result "1/2-1/2"]
[WhiteElo "1702"]
[BlackElo "1784"]
[Annotator "NA RC"]
[PlyCount "113"]
[EventDate "2019.01.27"]
[EventType "swiss"]
[EventCountry "TUR"]
[SourceTitle "playchess.com"]
[Source "ChessBase"]
[SourceQuality "1"]

1. d4 Nf6 2. Nf3 c5 3. c3 b6 4. Bf4 d6 5. Nbd2 Bb7 6. h3 g6 7. e3 Bg7 8. Be2 O-O 9. O-O Nbd7 10. Qb3 a6 11. a4 Qb8 12. Bh2 Qa7 13. Rfd1 Rac8 14. Rac1 Qa8 15. Ne1 Bc6 16. Bf3 b5 17. axb5 axb5 18. Ra1 Qb7 19. Bxc6 Qxc6 20. Ra5 Rb8 21. Rda1 Rb6 22. Qa2 Rfb8 23. Nd3 cxd4 24. Nb4 Qc5 25. exd4 Qh5 26. Re1 Bf8 27. Nf3 Rc8 28. Ra8 Rxa8 29. Qxa8 Rb8 30. Qa7 Rb6 31. Qa8 Kg7 32. Qc8 Rb8 33. Qc7 Ra8 34. Bg3 Re8 35. Bxd6 exd6 36. Rxe8 Nxe8 37. Qxd7 Nf6 38. Qa7 Qf5 39. Qa1 h6 40. Qd1 Be7 41. Qd3 Qf4 42. Qe3 Qxe3 43. fxe3 Nd7 44. Nd5 Bd8 45. g4 f6 46. Nd2 Kf7 47. Ne4 g5 48. Nxd6+ Ke6 49. Nb7 Kxd5 50. Nxd8 Nb6 51. b3 Ke4 52. Ne6 Nd5 53. c4 bxc4 54. bxc4 Nxe3 55. c5 Kd5 56. Kf2 Nc2 57. Nd8 1/2-1/2

[Event "Turkey Cup 2019"]
[Site "Belek"]
[Date "2019.02.02"]
[Round "10.68"]
[White "Nazli, Sertan"]
[Black "Atik, Muhammed Ihsan"]
[Result "0-1"]
[WhiteElo "1811"]
[BlackElo "1464"]
[Annotator "NA RC"]
[PlyCount "128"]
[EventDate "2019.01.27"]
[EventType "swiss"]
[EventCountry "TUR"]
[SourceTitle "playchess.com"]
[Source "ChessBase"]
[SourceQuality "1"]

1. e4 g6 2. d4 Bg7 3. Nc3 d6 4. f4 a6 5. Nf3 b5 6. e5 Nh6 7. Bd3 Nd7 8. Ne4 O-O 9. O-O Bb7 10. Qe2 d5 11. Neg5 e6 12. Nh4 c5 13. c3 Qb6 14. Be3 c4 15. Bc2 Nf5 16. Nhf3 h6 17. Nh3 h5 18. Kh1 b4 19. Rg1 a5 20. a3 b3 21. Bxf5 exf5 22. Nf2 Rfe8 23. h3 Nf8 24. g4 hxg4 25. hxg4 Bc8 26. gxf5 Bxf5 27. Nh4 Bc2 28. Rg3 Qe6 29. Rg5 Nh7 30. f5 Qc8 31. fxg6 Nxg5 32. Bxg5 fxg6 33. Ng4 Qe6 34. Kh2 Rf8 35. Rg1 Be4 36. Nf6+ Bxf6 37. Bxf6 Kf7 38. Rg4 Ra7 39. Rxe4 dxe4 40. Qxe4 Ke8 41. d5 Qf7 42. Qxc4 Qc7 43. Qb5+ Kf7 44. Qxb3 Rb8 45. Qc2 Rg8 46. c4 Ra6 47. Kh1 Qc8 48. Qd3 Qg4 49. Qf3 Qxf3+ 50. Nxf3 Rc8 51. Ng5+ Ke8 52. Ne4 Rxc4 53. Nd6+ Rxd6 54. exd6 Rc1+ 55. Kg2 Kd7 56. Be5 Re1 57. Bc3 Rb1 58. Be5 Rd1 59. Kf3 Rxd5 60. Ke4 Ke6 61. Bg3 a4 62. Bf4 g5 63. Be3 Re5+ 64. Kd4 Kxd6 0-1

[Event "Turkey Cup 2019"]
[Site "Belek"]
[Date "2019.02.02"]
[Round "10.69"]
[White "Atay, Sergen"]
[Black "Sahin, Fehim"]
[Result "0-1"]
[WhiteElo "1769"]
[BlackElo "1555"]
[Annotator "NA RC"]
[PlyCount "88"]
[EventDate "2019.01.27"]
[EventType "swiss"]
[EventCountry "TUR"]
[SourceTitle "playchess.com"]
[Source "ChessBase"]
[SourceQuality "1"]

1. c4 c6 2. d4 d5 3. Nf3 e6 4. g3 f5 5. Bg2 Nf6 6. O-O Bd6 7. b3 Nbd7 8. Ba3 Qe7 9. Qc1 O-O 10. Bxd6 Qxd6 11. Na3 Ne4 12. Nc2 b6 13. Nce1 c5 14. cxd5 exd5 15. Nd3 Ba6 16. Qa3 Bb5 17. Rfd1 Nc3 18. Rd2 Nxe2+ 19. Rxe2 Bxd3 20. Rd2 Be4 21. Rad1 Nf6 22. Ng5 Bxg2 23. Kxg2 f4 24. Rd3 fxg3 25. fxg3 Qc6 26. Qc1 c4 27. Kg1 b5 28. Nf3 Ne4 29. Ne5 Qe6 30. Re3 a5 31. Rf1 Rxf1+ 32. Qxf1 Rf8 33. Rf3 Rxf3 34. Qxf3 Qf6 35. Qe2 a4 36. bxc4 bxc4 37. Kg2 Qb6 38. Nxc4 Qxd4 39. Ne3 Nc3 40. Qf2 h6 41. a3 Qe5 42. Qd2 d4 43. Nc2 Qd5+ 44. Kf2 Ne4+ 0-1

[Event "Turkey Cup 2019"]
[Site "Belek"]
[Date "2019.02.02"]
[Round "10.70"]
[White "Demir, Bilal"]
[Black "Gungor, Cihan Akif"]
[Result "0-1"]
[WhiteElo "2094"]
[BlackElo "1588"]
[Annotator "NA RC"]
[PlyCount "40"]
[EventDate "2019.01.27"]
[EventType "swiss"]
[EventCountry "TUR"]
[SourceTitle "playchess.com"]
[Source "ChessBase"]
[SourceQuality "1"]

1. e4 e5 2. Bc4 Nf6 3. d3 Bc5 4. Nf3 d6 5. c3 Nc6 6. h3 O-O 7. Bg5 h6 8. Bh4 Be6 9. Nbd2 Re8 10. Qe2 a6 11. Nf1 g5 12. Nxg5 hxg5 13. Bxg5 Kg7 14. Ng3 Qd7 15. Qf3 Nh7 16. Nh5+ Kf8 17. Bh4 Bxc4 18. dxc4 Qe6 19. O-O-O Ne7 20. Ng3 Qh6+ 0-1

[Event "Turkey Cup 2019"]
[Site "Belek"]
[Date "2019.02.02"]
[Round "10.71"]
[White "Yalcindag, Hakan"]
[Black "Yasin, Hur"]
[Result "1-0"]
[WhiteElo "1417"]
[BlackElo "2004"]
[Annotator "NA RC"]
[PlyCount "127"]
[EventDate "2019.01.27"]
[EventType "swiss"]
[EventCountry "TUR"]
[SourceTitle "playchess.com"]
[Source "ChessBase"]
[SourceQuality "1"]

1. c4 e6 2. Nc3 d5 3. cxd5 exd5 4. d4 Nf6 5. Bf4 Bd6 6. Bg3 O-O 7. Nf3 c6 8. e3 Ne4 9. Nxe4 dxe4 10. Nd2 f5 11. Bxd6 Qxd6 12. Nc4 Qe7 13. Ne5 Be6 14. Qc2 Nd7 15. Nxd7 Qxd7 16. Bc4 Rf6 17. Bxe6+ Rxe6 18. Qb3 Kh8 19. O-O-O Rd6 20. Kb1 Rd5 21. g3 a5 22. Rc1 Qe7 23. Rc3 h6 24. Rhc1 Rb5 25. Qa3 Qxa3 26. Rxa3 Rd8 27. Rac3 Rdd5 28. a4 Rb4 29. Rc5 Rxc5 30. Rxc5 g6 31. Rxa5 Kg7 32. Kc2 Kf6 33. Kc3 Rb6 34. b4 Ke6 35. Kc4 Kd6 36. Ra8 h5 37. Rg8 Ra6 38. Rxg6+ Kc7 39. a5 b6 40. axb6+ Kxb6 41. d5 Ra2 42. Rxc6+ Kb7 43. Rh6 Rxf2 44. Rxh5 Kc7 45. Kd4 Kd6 46. Rh6+ Kc7 47. g4 fxg4 48. Kxe4 Rb2 49. Kf4 Rxb4+ 50. e4 Kd7 51. Rh4 Rb2 52. Kxg4 Kd6 53. Rh6+ Ke5 54. Re6+ Kd4 55. h4 Rg2+ 56. Kf5 Rf2+ 57. Kg5 Rg2+ 58. Kh6 Ke3 59. d6 Kf4 60. d7 Rd2 61. Re7 Rd6+ 62. Kg7 Kg4 63. Kf7 Kxh4 64. Ke8 1-0

[Event "Turkey Cup 2019"]
[Site "Belek"]
[Date "2019.02.02"]
[Round "10.72"]
[White "Aslan, Onat Ugur"]
[Black "Mermer, Yunus"]
[Result "1/2-1/2"]
[WhiteElo "1812"]
[BlackElo "1585"]
[Annotator "NA RC"]
[PlyCount "54"]
[EventDate "2019.01.27"]
[EventType "swiss"]
[EventCountry "TUR"]
[SourceTitle "playchess.com"]
[Source "ChessBase"]
[SourceQuality "1"]

1. d4 d5 2. Bf4 Bf5 3. e3 Nf6 4. c4 c6 5. Qb3 Qb6 6. c5 Qxb3 7. axb3 Nbd7 8. b4 Nh5 9. Nc3 Nxf4 10. exf4 f6 11. Nf3 Bg4 12. Nd2 e5 13. fxe5 fxe5 14. dxe5 Nxe5 15. f4 Ng6 16. g3 Be7 17. Bd3 O-O 18. O-O Bf6 19. Kg2 a6 20. h3 Bd7 21. Nb3 Rae8 22. Rae1 Kf7 23. Na4 Rxe1 24. Rxe1 Re8 25. Rxe8 Kxe8 26. h4 Nf8 27. Kh2 h6 1/2-1/2

[Event "Turkey Cup 2019"]
[Site "Belek"]
[Date "2019.02.02"]
[Round "10.73"]
[White "Demir, Hilmi Mustafa"]
[Black "Asikoglu, Engin Can"]
[Result "1-0"]
[WhiteElo "1809"]
[BlackElo "1502"]
[Annotator "NA RC"]
[PlyCount "75"]
[EventDate "2019.01.27"]
[EventType "swiss"]
[EventCountry "TUR"]
[SourceTitle "playchess.com"]
[Source "ChessBase"]
[SourceQuality "1"]

1. e4 c5 2. b4 cxb4 3. a3 bxa3 4. Nxa3 Nc6 5. d4 d5 6. e5 e6 7. Nf3 Bd7 8. c3 Rc8 9. Bd3 a6 10. O-O Nge7 11. c4 Nb4 12. Be2 dxc4 13. Nxc4 Ned5 14. Bg5 Nc3 15. Qd2 Ne4 16. Qf4 Nxg5 17. Nxg5 f5 18. exf6 Qc7 19. fxg7 Qxf4 20. gxh8=Q Rxc4 21. Bxc4 Qxg5 22. Qe5 Qxe5 23. dxe5 Bc5 24. Rfc1 Bd4 25. Rab1 a5 26. g3 b5 27. Rd1 Bxe5 28. Rxd7 bxc4 29. Ra7 Nc6 30. Ra6 Kd7 31. Rb7+ Bc7 32. Kf1 c3 33. Ke1 e5 34. Rb3 Nb4 35. Ra7 Nd3+ 36. Kf1 Nb4 37. Rxc3 Nd5 38. Rd3 1-0

[Event "Turkey Cup 2019"]
[Site "Belek"]
[Date "2019.02.02"]
[Round "10.74"]
[White "Usluoglu, Servet"]
[Black "Kaplan, Cem Azad"]
[Result "0-1"]
[WhiteElo "1783"]
[BlackElo "1602"]
[Annotator "NA RC"]
[PlyCount "109"]
[EventDate "2019.01.27"]
[EventType "swiss"]
[EventCountry "TUR"]
[SourceTitle "playchess.com"]
[Source "ChessBase"]
[SourceQuality "1"]

1. e4 e6 2. d4 d5 3. Nc3 Bb4 4. e5 c5 5. a3 Ba5 6. Be3 cxd4 7. Bxd4 Nc6 8. Bb5 Nge7 9. Nge2 a6 10. Bxc6+ Nxc6 11. O-O Bc7 12. f4 Nxd4 13. Nxd4 O-O 14. Nce2 Kh8 15. Qd3 f5 16. exf6 Qxf6 17. Nf3 Bd7 18. Ng5 Qh6 19. Rf3 Bb5 20. Qd2 Bxe2 21. Qxe2 Bxf4 22. Nh3 Bd6 23. Raf1 Rxf3 24. Qxf3 g5 25. Qg4 Rf8 26. Rxf8+ Qxf8 27. g3 Qf6 28. Nxg5 Bc5+ 29. Kg2 Qf2+ 30. Kh3 Be7 31. Qf4 Qxf4 32. gxf4 Bxg5 33. fxg5 b5 34. Kg4 e5 35. b3 Kg7 36. Kf5 e4 37. Kf4 Kg6 38. c4 dxc4 39. bxc4 bxc4 40. Kxe4 c3 41. Kd3 c2 42. Kxc2 Kxg5 43. Kd2 Kg4 44. Ke2 Kh3 45. a4 Kxh2 46. Kf2 a5 47. Kf3 Kg1 48. Kg4 Kf2 49. Kh5 Ke3 50. Kh6 Kd4 51. Kxh7 Kc4 52. Kg6 Kb4 53. Kf5 Kxa4 54. Ke4 Kb3 55. Ke5 0-1

[Event "Turkey Cup 2019"]
[Site "Belek"]
[Date "2019.02.02"]
[Round "10.75"]
[White "Bulut, Muhammed"]
[Black "Akin, Bora Zubeyr"]
[Result "1-0"]
[WhiteElo "1731"]
[BlackElo "1436"]
[Annotator "NA RC"]
[PlyCount "51"]
[EventDate "2019.01.27"]
[EventType "swiss"]
[EventCountry "TUR"]
[SourceTitle "playchess.com"]
[Source "ChessBase"]
[SourceQuality "1"]

1. e4 e6 2. d4 d5 3. exd5 exd5 4. Bd3 Nf6 5. Ne2 Bd6 6. Bf4 Bxf4 7. Nxf4 Qe7+ 8. Ne2 O-O 9. O-O Bg4 10. Qd2 Nc6 11. c3 Rfe8 12. Ng3 Ne4 13. Bxe4 dxe4 14. Qf4 Be6 15. Nxe4 Bxa2 16. Rxa2 Qxe4 17. Qxc7 Qd5 18. Ra3 Re7 19. Qf4 Rae8 20. Nd2 Qb5 21. b4 Qd3 22. h3 Nxb4 23. Rxa7 Qxc3 24. Nf3 Nc6 25. Raa1 Re4 26. Qxe4 1-0

[Event "Turkey Cup 2019"]
[Site "Belek"]
[Date "2019.02.02"]
[Round "10.76"]
[White "Ersoy, Emre"]
[Black "Kiraz, Yigit"]
[Result "0-1"]
[WhiteElo "1591"]
[BlackElo "1673"]
[Annotator "NA RC"]
[PlyCount "99"]
[EventDate "2019.01.27"]
[EventType "swiss"]
[EventCountry "TUR"]
[SourceTitle "playchess.com"]
[Source "ChessBase"]
[SourceQuality "1"]

1. e4 c5 2. Nf3 d6 3. d4 cxd4 4. Nxd4 Nf6 5. Nc3 g6 6. Be3 Bg7 7. Bc4 Nc6 8. f3 Bd7 9. Qd2 O-O 10. O-O-O Qa5 11. Bb3 Rfc8 12. Nde2 Ne5 13. Bh6 b5 14. h4 Nc4 15. Bxc4 Rxc4 16. Bxg7 Kxg7 17. Kb1 h5 18. Nd5 Qxd2 19. Rxd2 Nxd5 20. Rxd5 Rac8 21. c3 Be6 22. Rxb5 R4c7 23. b3 d5 24. exd5 Bf5+ 25. Kb2 Bd3 26. Nd4 Bxb5 27. Nxb5 Rb7 28. c4 a6 29. Nd4 Rxc4 30. Nc6 Rf4 31. Kc3 Rd7 32. Nb8 Rxd5 33. Nxa6 Ra5 34. Nb4 Rc5+ 35. Kb2 Rxb4 36. a3 Rd4 37. b4 Re5 38. Kc3 Rf4 39. Rb1 Re3+ 40. Kb2 Rd4 41. Ka1 Rd2 42. Rb2 Rxa3+ 43. Kb1 Rxb2+ 44. Kxb2 Re3 45. f4 Kf6 46. b5 Kf5 47. g3 Kg4 48. b6 Re6 49. Kc3 Rxb6 50. Kd4 0-1

[Event "Turkey Cup 2019"]
[Site "Belek"]
[Date "2019.02.02"]
[Round "10.77"]
[White "Dinc, Melih"]
[Black "Erol, Harun Eser"]
[Result "1/2-1/2"]
[WhiteElo "1729"]
[BlackElo "1464"]
[Annotator "NA RC"]
[PlyCount "46"]
[EventDate "2019.01.27"]
[EventType "swiss"]
[EventCountry "TUR"]
[SourceTitle "playchess.com"]
[Source "ChessBase"]
[SourceQuality "1"]

1. e4 e6 2. d4 d5 3. exd5 exd5 4. c4 dxc4 5. Bxc4 Nf6 6. Nf3 Be7 7. O-O O-O 8. h3 b6 9. Ne5 Bb7 10. Qb3 Qe8 11. Re1 Nc6 12. Nxc6 Qxc6 13. d5 Qd7 14. Nc3 Rfe8 15. Bg5 Qf5 16. Bh4 Nxd5 17. Bxd5 Bxh4 18. g3 Bxd5 19. Qxd5 Qg6 20. Qc4 Bxg3 21. fxg3 Qxg3+ 22. Kf1 Qxh3+ 23. Kf2 Qh2+ 1/2-1/2

[Event "Turkey Cup 2019"]
[Site "Belek"]
[Date "2019.02.02"]
[Round "10.78"]
[White "Eroglu, Berke"]
[Black "Ekinci, Berkay"]
[Result "*"]
[WhiteElo "1442"]
[BlackElo "1688"]
[Annotator "NA RC"]
[PlyCount "55"]
[EventDate "2019.01.27"]
[EventType "swiss"]
[EventCountry "TUR"]
[SourceTitle "playchess.com"]
[Source "ChessBase"]
[SourceQuality "1"]

1. e4 c5 2. Nc3 e6 3. g3 Nc6 4. Bg2 Nge7 5. d3 g6 6. Be3 d6 7. Qd2 Bg7 8. Bh6 Bxh6 9. Qxh6 Qb6 10. Qd2 Nd4 11. Nd1 Bd7 12. c3 Ndc6 13. Ne2 e5 14. O-O O-O 15. h3 f5 16. Kh2 Be6 17. f4 Rad8 18. Ne3 d5 19. exd5 Nxd5 20. Nxd5 Bxd5 21. Qc2 Rfe8 22. fxe5 Bxg2 23. Kxg2 Nxe5 24. Rad1 Qc6+ 25. Kg1 Nf3+ 26. Kf2 Ng5 27. Ng1 c4 28. h4 *

[Event "Turkey Cup 2019"]
[Site "Belek"]
[Date "2019.02.02"]
[Round "10.79"]
[White "Hatipoglu, Metin"]
[Black "Kervancioglu, Talu"]
[Result "0-1"]
[WhiteElo "1680"]
[BlackElo "1535"]
[Annotator "NA RC"]
[PlyCount "54"]
[EventDate "2019.01.27"]
[EventType "swiss"]
[EventCountry "TUR"]
[SourceTitle "playchess.com"]
[Source "ChessBase"]
[SourceQuality "1"]

1. e4 c5 2. Nf3 g6 3. d4 cxd4 4. Nxd4 Bg7 5. Nc3 Nc6 6. Be3 Nf6 7. Be2 O-O 8. Qd2 d5 9. exd5 Nxd5 10. Nxd5 Nxd4 11. Bxd4 Qxd5 12. Bxg7 Qxg2 13. Qd4 e5 14. Qxe5 Qxh1+ 15. Kd2 Rd8+ 16. Bd3 Qd5 17. Qc3 Qg5+ 18. Ke1 Re8+ 19. Be2 Bg4 20. f3 Qb5 21. Kf2 Qxe2+ 22. Kg3 Re3 23. Kxg4 Rxc3 24. Bxc3 Qg2+ 25. Kf4 Re8 26. Rd1 g5+ 27. Kf5 Qxf3+ 0-1

[Event "Turkey Cup 2019"]
[Site "Belek"]
[Date "2019.02.02"]
[Round "10.80"]
[White "Erkam, Hakan Oguzcan"]
[Black "Acar, Ozgur"]
[Result "0-1"]
[WhiteElo "1483"]
[BlackElo "1798"]
[Annotator "NA RC"]
[PlyCount "110"]
[EventDate "2019.01.27"]
[EventType "swiss"]
[EventCountry "TUR"]
[SourceTitle "playchess.com"]
[Source "ChessBase"]
[SourceQuality "1"]

1. d4 d5 2. Nf3 Nf6 3. Bf4 e6 4. e3 c5 5. c3 Nc6 6. Nbd2 a6 7. a4 b6 8. Bd3 Bb7 9. O-O Bd6 10. Bxd6 Qxd6 11. e4 dxe4 12. Nxe4 Nxe4 13. Bxe4 O-O 14. dxc5 Qxc5 15. Qc2 g6 16. Rad1 Rfd8 17. Rxd8+ Rxd8 18. Rd1 Qe7 19. Rxd8+ Qxd8 20. Qd2 Qxd2 21. Nxd2 f5 22. Bf3 Nd8 23. Kf1 Kf7 24. Ke2 Ke7 25. Bxb7 Nxb7 26. b4 Nd6 27. Kd3 e5 28. Nc4 Nxc4 29. Kxc4 Kd6 30. Kd3 g5 31. g4 fxg4 32. Ke4 Ke6 33. c4 h5 34. c5 bxc5 35. bxc5 a5 36. c6 Kd6 37. c7 Kxc7 38. Kxe5 Kc6 39. Kf5 Kc5 40. Kxg5 Kb4 41. Kxh5 Kxa4 42. Kxg4 Kb5 43. f4 Kc6 44. Kf5 a4 45. Kg6 a3 46. f5 a2 47. f6 a1=Q 48. Kg7 Kd7 49. h4 Ke6 50. h5 Qxf6+ 51. Kg8 Qf7+ 52. Kh8 Qxh5+ 53. Kg8 Qf7+ 54. Kh8 Qe7 55. Kg8 Ke5 0-1

[Event "Turkey Cup 2019"]
[Site "Belek"]
[Date "2019.02.02"]
[Round "10.81"]
[White "Hanci, Ilker"]
[Black "Arslanargun, Zana"]
[Result "0-1"]
[WhiteElo "1615"]
[BlackElo "1773"]
[Annotator "NA RC"]
[PlyCount "104"]
[EventDate "2019.01.27"]
[EventType "swiss"]
[EventCountry "TUR"]
[SourceTitle "playchess.com"]
[Source "ChessBase"]
[SourceQuality "1"]

1. e4 c5 2. Nf3 d6 3. d4 cxd4 4. Nxd4 Nf6 5. Nc3 a6 6. Be2 g6 7. O-O Bg7 8. Be3 O-O 9. f3 b5 10. Nb3 Qc7 11. Qd2 Nc6 12. Nd5 Nxd5 13. exd5 Ne5 14. Na5 Nc4 15. Nxc4 bxc4 16. Bd4 e5 17. dxe6 Bxd4+ 18. Qxd4 Bxe6 19. Rad1 d5 20. f4 Qa7 21. Qxa7 Rxa7 22. Bf3 Rd7 23. c3 Rfd8 24. Rd4 h5 25. Rfd1 a5 26. f5 gxf5 27. Bxh5 Rb8 28. R1d2 Rdb7 29. Bf3 Rxb2 30. Bxd5 Rxd2 31. Rxd2 Rd8 32. Bxe6 Rxd2 33. Bxc4 Rc2 34. a4 Rxc3 35. Bb5 Kg7 36. h4 Kf6 37. Kf2 f4 38. Be2 Kf5 39. Bf3 Rc2+ 40. Kf1 f6 41. Ke1 Ra2 42. Bd1 Rxg2 43. h5 Rg1+ 44. Kd2 Rxd1+ 45. Kxd1 Kg5 46. Ke2 Kxh5 47. Kf3 Kg5 48. Kf2 Kg4 49. Kg2 f3+ 50. Kf2 Kf4 51. Kf1 Ke3 52. Ke1 f2+ 0-1

[Event "Turkey Cup 2019"]
[Site "Belek"]
[Date "2019.02.02"]
[Round "10.82"]
[White "Kaya, Mehmet Roni"]
[Black "Yaziciogullari, Ali Emre"]
[Result "1/2-1/2"]
[WhiteElo "1632"]
[BlackElo "1675"]
[Annotator "NA RC"]
[PlyCount "92"]
[EventDate "2019.01.27"]
[EventType "swiss"]
[EventCountry "TUR"]
[SourceTitle "playchess.com"]
[Source "ChessBase"]
[SourceQuality "1"]

1. e4 c5 2. Nc3 Nc6 3. f4 g6 4. Nf3 Bg7 5. Bc4 e6 6. O-O a6 7. a4 d6 8. d3 Nge7 9. Qe2 Nd4 10. Nxd4 cxd4 11. Nd1 O-O 12. Nf2 Nc6 13. Bd2 Bd7 14. b4 Rc8 15. Rab1 Na7 16. Bb3 b5 17. a5 Nc6 18. Nh1 Kh8 19. Ng3 f5 20. Rf3 Rc7 21. Rbf1 Bc8 22. Nh1 e5 23. Ng3 fxe4 24. Qxe4 Ne7 25. fxe5 Rxf3 26. Qxf3 dxe5 27. Bg5 Bf5 28. Nxf5 gxf5 29. Qh3 Qd6 30. Bxe7 Qxe7 31. Qxf5 Qd7 32. Qh5 Qd8 33. Be6 Rxc2 34. Bf5 Qg8 35. Be4 Rc7 36. h3 Re7 37. Rf3 Bf8 38. Qf5 Bg7 39. Rg3 Rf7 40. Qh5 Rf6 41. Kh2 Rh6 42. Qg4 Qf8 43. Rf3 Rf6 44. Qh4 h6 45. Rg3 Rf4 46. Qh5 Qf7 1/2-1/2